| 000 | 00550nam a2200181Ia 4500 | ||
|---|---|---|---|
| 999 |
_c23412 _d23412 |
||
| 003 | OSt | ||
| 005 | 20200226110453.0 | ||
| 008 | 190216s9999||||xx |||||||||||||| ||und|| | ||
| 020 | _a9789380081007 | ||
| 040 | _coclc | ||
| 082 |
_a956.94 _bSHO/S |
||
| 100 |
_aShoeman, Ralph _91932 |
||
| 245 | 0 |
_aSayanisam Olichuvecha Charithram = The hidden history of Zionism / _cRalph Shoeman |
|
| 260 |
_bOther Books, _c2014. _aCalicut: |
||
| 300 | _a208p | ||
| 650 | _xIslamic History | ||
| 942 |
_cBK _2ddc _h956.94 _iSHO/S _k956.94 _mSHO/S |
||